000 00589nam a2200193 u 4500
005 20210223132751.0
008 151027s2000 cl r 000 0 spa d
020 _a9586811514
035 _aUPN01000206418
049 _aI
050 4 _aQA113
_bC3.4
100 1 _aCarrizosa Castro, Enrique,
_d1928-
_938207
245 1 0 _aJulián el Angel Guardián entre los números /
_cEnrique Carrizosa Castro.
260 _aBogotá :
_bMigema,
_cc2000.
300 _a12 p. :
_bil. col.
440 0 _aJulián el Angel Guardián
650 4 _aCONTEO -
_vLITERATURA INFANTIL
_911126
905 _aInfantil
999 _c178519
_d178519